| 000 | 01432nab a22002657a 4500 | ||
|---|---|---|---|
| 999 |
_c5990 _d5990 |
||
| 003 | OSt | ||
| 005 | 20260115183450.0 | ||
| 008 | 190605e xxu||||| |||| 00| 0 spa d | ||
| 040 | _cPJ | ||
| 100 |
_95129 _aSfeir, Santiago L. |
||
| 245 | 1 | 3 |
_aEl fraude laboral consensuado. ¿Un nuevo paradigma frente a la dicotomía existente entre la autonomía de la voluntad y el orden público laboral? / _cSantiago L. Sfeir. |
| 260 |
_aCiudad Autónoma de Buenos Aires : _bThomson Reuters La Ley, _c2022. |
||
| 300 | _ap. 114-18 | ||
| 500 | _aCita: TR LALEY AR/DOC/3162/2022. | ||
| 505 | _aSumario: I. Introducción.— II. El fraude consentido por el trabajador y el principio de autonomía de la voluntad.— III. Comentarios finales. Una nueva realidad para las relaciones individuales del trabajo. | ||
| 505 | _aFallo comentado: CNTrab., sala VI ~ 10/08/2022 ~ Petit de Meurville, Javier Eduardo c. Gimnasios Argentinos SA y otro s/ despido. | ||
| 505 | _t¿Te interesa el texto completo? Solicitalo al correo: koha@justierradelfuego.gov.ar | ||
| 650 | 0 |
_91316 _aDERECHO LABORAL |
|
| 650 | 0 |
_91323 _aCONTRATO DE TRABAJO |
|
| 650 | 0 |
_94428 _aRELACIÓN DE DEPENDENCIA |
|
| 650 | 0 |
_96564 _aRESPONSABILIDAD DEL EMPLEADOR |
|
| 650 | 0 |
_96170 _aFRAUDE LABORAL |
|
| 773 | 0 |
_02711 _93168 _dCiudad Autónoma de Buenos Aires : Thomson Reuters La Ley, 1999-2002. _tRevista de derecho del trabajo. Nº 6 - Noviembre 2022 |
|
| 942 |
_2udc _cANA |
||